| 000 | 01372nam a2200325 i 4500 | ||
|---|---|---|---|
| 003 | DO-SdBNP | ||
| 005 | 20251016102952.0 | ||
| 007 | ta | ||
| 008 | 251016b2008 dr ||||| |||| 00| 0 spa d | ||
| 020 | _a9789945068849 | ||
| 040 |
_aDO-SdBNP _bspa _cBNPHU _erda |
||
| 041 | _aspa | ||
| 082 | 4 |
_a340.11 _bA795s 2008 _222 |
|
| 100 | 1 |
_aArvelo, Alejandro. _eautor _4aut. _9147 |
|
| 245 | 1 | 4 |
_aSecretos de la argumentación jurídica / _cAlejandro Arvelo |
| 250 | _aSegunda edición | ||
| 264 | 1 |
_aSanto Domingo : _bEditorial Santuario, _c2008. |
|
| 300 |
_a237 páginas ; _c22 cm. |
||
| 336 |
_atexto _btxt _2rdacontent |
||
| 337 |
_asin mediación _bn _2rdamedia |
||
| 338 |
_avolumen _bnc _2rdacarrier |
||
| 500 | _aIncluye referencias bibliográficas y notas al pie de páginas. | ||
| 505 | 0 |
_aIntroducción -- _t¿Que es un argumento? -- _tLos métodos de investigación y la argumentación -- _tEl arte de pensar y la argumentación jurídica -- _t¿Cómo afrontar el reto de pensar? -- _tCómo argumentar -- _tLa argumentación jurídica y las principales fuentes del error -- _tFalacias de uso frecuente entre los dominicanos-- _tLa refutación, claves y recursos. |
|
| 590 | _aInventariado, 2025/BT | ||
| 650 | 4 |
_aArgumentación jurídica _910238 |
|
| 650 | 4 |
_aRazonamiento _91177 |
|
| 650 | 4 |
_aFilosofía del derecho _91175 |
|
| 910 | _aBtavárez | ||
| 942 |
_2ddc _cLBS1 |
||
| 999 |
_c59967 _d59967 |
||